[Rezension von: Sonja Brink (Bearb.), Disegnatore virtuoso]
Gespeichert in:
| Veröffentlicht in: | Kunstform 4(2003), 3 |
|---|---|
| VerfasserIn: | |
| Dokumenttyp: | Online-Ressource Aufsatz |
| Sprache: | German |
| Veröffentlicht: |
2003
|
| Schlagwörter: | |
| Online Zugang: | kostenfrei |
| Bibliogr. Hinweis: | Enthalten in:
Kunstform Rezension von: Disegnatore virtuoso. Die Zeichnungen des Pier Francesco Mola und seines Kreises |
| Verantwortlich: | rezensiert von Tobias Kaempf, Rom |
| LEADER | 01648caa a2200349 c 4500 | ||
|---|---|---|---|
| 001 | 1920613471 | ||
| 003 | DE-627 | ||
| 005 | 20260419045357.0 | ||
| 007 | cr uuu---uuuuu | ||
| 008 | 250326s2003 xx |||||oo 00| ||ger c | ||
| 035 | |a (DE-627)1920613471 | ||
| 035 | |a (DE-599)KXP1920613471 | ||
| 035 | |a (OCoLC)1533747023 | ||
| 040 | |a DE-627 |b ger |c DE-627 |e rda | ||
| 041 | |a ger | ||
| 084 | |a KUNST |q DE-16 |2 fid | ||
| 100 | 1 | |a Kaempf, Tobias |e VerfasserIn |4 aut | |
| 245 | 1 | 0 | |a [Rezension von: Sonja Brink (Bearb.), Disegnatore virtuoso] |c rezensiert von Tobias Kaempf, Rom |
| 264 | 1 | |c 2003 | |
| 300 | |b Illustrationen | ||
| 336 | |a Text |b txt |2 rdacontent | ||
| 337 | |a Computermedien |b c |2 rdamedia | ||
| 338 | |a Online-Ressource |b cr |2 rdacarrier | ||
| 655 | 7 | |a Rezension |0 (DE-588)4049712-4 |0 (DE-627)106186019 |0 (DE-576)209083166 |2 gnd-content | |
| 773 | 0 | 8 | |i Enthalten in |t Kunstform |d München : Ludwig-Maximilians-Universität München, Institut für Kunstgeschichte, 2000 |g 4(2003), 3 |h Online-Ressource |w (DE-627)382929004 |w (DE-600)2140180-9 |w (DE-576)281244731 |x 1618-7199 |7 nnas |
| 773 | 1 | 8 | |g volume:4 |g year:2003 |g number:3 |
| 787 | 0 | 8 | |i Rezension von |t Disegnatore virtuoso. Die Zeichnungen des Pier Francesco Mola und seines Kreises |d Köln : Wienand, 2002 |h 175 S. |w (DE-627)1628039965 |w (DE-576)100324428 |z 3879097984 |
| 856 | 4 | 0 | |u https://www.arthistoricum.net/kunstform/rezension/ausgabe/2003/3/2391 |x Verlag |z kostenfrei |3 Volltext |7 0 |
| 951 | |a AR | ||
| 994 | |u https://www.arthistoricum.net/themen/rezensionen/kunstform/rezension/ausgabe/2003/3/2391 | ||
| 991 | |a Rezension (Monographie, Zeitschrift, Aufsatz) | ||
| 999 | |a KXP-PPN1920613471 |e 4957218005 | ||


